000 00483nam a2200169Ia 4500
008 140529s9999 xx 000 0 und d
020 _a9780736920865
050 _aBV 283.C5
_b.Om54 2009
100 _aOmartian, Stormie.
245 4 _aThe power of praying for your adult children /
_cStormie Omartian
260 _aEugene, Or. :
_bHarvest House Publishers,
_cc2009.
300 _a233 p. ;
_c22 cm.
521 _aGE
650 _aParents.
942 _kFOR
_cBK
999 _c117655
_d117655